[Event "48th Capablanca Open II 2013"]
[Site "Havana CUB"]
[Date "2013.04.28"]
[Round "7.3"]
[White "Lopez Gonzalez,A"]
[Black "Gomez Sanchez,Jorge Marco"]
[Result "1-0"]
[WhiteElo "2209"]
[BlackElo "2180"]

1.e4 c5 2.Nf3 Nc6 3.Bb5 g6 4.Bxc6 bxc6 5.O-O Bg7 6.Re1 d6 7.d3 Nh6 8.e5 d5
9.h3 O-O 10.c3 Rb8 11.Bf4 e6 12.Bg5 Qb6 13.b3 Re8 14.Qc1 Nf5 15.g4 Ne7 16.Qa3 Qb5
17.c4 Qb6 18.Be3 d4 19.Bd2 Bf8 20.Ba5 Qa6 21.Nbd2 Nd5 22.Ne4 Kg7 23.Nxc5 Bxc5
24.Qxc5 Nf4 25.Rad1 Nxh3+ 26.Kg2 Nf4+ 27.Kg3 Nd5 28.Nxd4 Ne7 29.Rh1 Bd7 30.Rh2 h6
31.Rdh1 Ng8 32.Nf3 Rf8 33.Bd2 Qb6 34.Rxh6 Nxh6 35.Bxh6+ Kg8 36.Bxf8 Rxf8
37.Rh8+  1-0

[Event "48th Capablanca Open II 2013"]
[Site "Havana CUB"]
[Date "2013.04.28"]
[Round "7.2"]
[White "Campos Jimenez,Augusto Cesar"]
[Black "Martinez Ramirez,L"]
[Result "0-1"]
[WhiteElo "2203"]
[BlackElo "2251"]

1.e4 c5 2.Nf3 Nc6 3.Bb5 g6 4.Bxc6 bxc6 5.O-O Bg7 6.Re1 Nf6 7.e5 Nd5 8.c4 Nc7
9.d4 O-O 10.Nc3 Ba6 11.Qa4 cxd4 12.Nxd4 c5 13.Nb3 d6 14.exd6 exd6 15.Bd2 Rb8
16.Ne4 Bb7 17.Ba5 f5 18.Bxc7 Qxc7 19.Ng5 Bxb2 20.Ne6 Bc6 21.Qa5 Qxa5 22.Nxa5 Bxa1
23.Nxc6 Bc3 24.Rd1 Rfe8 25.Nxb8 Rxe6 26.Nc6 a5 27.Kf1 Kf8 28.g3 Ke8 29.Rd3 Kd7
30.Na7 Re1+ 31.Kg2 Rc1 32.Nb5 Be5 33.f4 Rc2+ 34.Kf3 Bd4 35.Nxd4 cxd4 36.Rxd4 Kc6
37.a4 Ra2 38.Rd5 Rxa4 39.h4 h5 40.Rb5 Ra1 41.Ke3 a4 42.Ra5 a3 43.Kf3 a2 44.Kg2 Kb6
45.Ra3 Kc5 46.Ra4 Kd4 47.Kh2 Kc3 48.Kg2 Kb3 49.Ra6 Rc1 50.Rb6+ Kc2 51.Ra6 a1=Q
52.Rxa1 Rxa1 53.c5 dxc5 54.g4 fxg4 55.f5 gxf5  0-1

[Event "Western Pacific Open 2013"]
[Site "Los Angeles USA"]
[Date "2013.04.28"]
[Round "4"]
[White "Akopyan,H"]
[Black "Wang,Ph"]
[Result "0-1"]
[WhiteElo "2247"]
[BlackElo "2390"]

1.e4 c5 2.Nf3 Nc6 3.Bb5 g6 4.Bxc6 dxc6 5.d3 Bg7 6.Nc3 Bg4 7.h3 Bxf3 8.Qxf3 Nf6
9.Ne2 Nd7 10.Qg3 e5 11.Bd2 O-O 12.O-O-O Qe7 13.h4 f5 14.exf5 gxf5 15.f4 e4
16.dxe4 Qxe4 17.Bc3 Nf6 18.Rd7 Rf7 19.Rhd1 Nxd7  0-1

[Event "Nakhchivan Open A 2013"]
[Site "Nakhchivan AZE"]
[Date "2013.04.29"]
[Round "7.25"]
[White "Mammadova,G"]
[Black "Ibrahimova,S"]
[Result "1-0"]
[WhiteElo "2322"]
[BlackElo "2166"]

1.e4 c5 2.Nf3 Nc6 3.Bb5 g6 4.O-O Bg7 5.c3 Nf6 6.Re1 O-O 7.d4 d5 8.e5 Ne4
9.Bxc6 bxc6 10.Nbd2 cxd4 11.cxd4 c5 12.dxc5 Nxc5 13.Nb3 Nxb3 14.Qxb3 d4 15.Bf4 Bg4
16.Rad1 Rb8 17.Qa3 Bxf3 18.gxf3 Rb7 19.Re4 Qb6 20.Rexd4 Qxb2 21.Qxb2 Rxb2
22.Rd7 Rxa2 23.Rxe7 Ra4 24.Be3 Ra6 25.f4 Re6 26.Rxa7 g5 27.fxg5 Rxe5 28.Rdd7 Rf5
29.Kg2 h6 30.gxh6 Bc3 31.Rac7 Bb2 32.Rb7 Bc3 33.Rbc7 Ba5 34.Rc5 Rxc5 35.Bxc5 Rc8
36.Bd4 Bc3 37.Bxc3 Rxc3 38.h7+ Kxh7 39.Rxf7+ Kg6 40.Rf3 Rc4 41.Kg3 Kg5 42.h3 Rc1
43.h4+ Kg6 44.Kg4 Rg1+ 45.Rg3 Rf1 46.f3 Ra1 47.h5+ Kh6 48.f4 Ra8 49.Rb3 Rg8+
50.Kh4 Rg1 51.Rb6+ Kh7 52.h6 Rh1+ 53.Kg5 Rg1+ 54.Kf5 Rf1 55.Ke5 Re1+ 56.Kf6 Kxh6
57.Kf7+ Kh5 58.f5 Rf1 59.f6 Kh6 60.Kf8 Kg6 61.Ke7 Kh7 62.Re6  1-0

[Event "Chinese Teams 2013"]
[Site "Tianjin CHN"]
[Date "2013.04.30"]
[Round "1.6"]
[White "Lei Tingjie"]
[Black "Xu Huahua"]
[Result "1-0"]
[WhiteElo "2232"]
[BlackElo "2124"]

1.e4 c5 2.Nf3 Nc6 3.Bb5 e6 4.Bxc6 bxc6 5.d3 d5 6.Qe2 Ne7 7.h4 h5 8.e5 Ng6
9.g3 Be7 10.b3 a5 11.a4 Ba6 12.Nbd2 Qb6 13.Bb2 Bd8 14.Ba3 Qa7 15.c4 Ne7 16.Rc1 Bb6
17.O-O Nf5 18.Rc2 Rc8 19.Rfc1 Rh6 20.Qe1 Rg6 21.Kh2 Rg4 22.Nf1 g5 23.hxg5 Kd7
24.Kh3 Nd4 25.Nxd4 Rxd4 26.Qe3 Rg8 27.Bb2 Bd8 28.Bxd4 cxd4 29.Qf3 Ke8 30.Qxh5 dxc4
31.bxc4 Bxg5 32.f4 Be7 33.Nd2 c5 34.Rb2 Qa8 35.Ne4 Kf8 36.Nf6 Bxf6 37.exf6 e5
38.Re1 Bc8+ 39.Kh2 Bg4 40.Qh6+ Ke8 41.Qh7 Rf8 42.Rxe5+  1-0

[Event "Chinese Teams 2013"]
[Site "Tianjin CHN"]
[Date "2013.04.30"]
[Round "1.2"]
[White "Muzychuk,M"]
[Black "Qin,R"]
[Result "1-0"]
[WhiteElo "2483"]
[BlackElo "2047"]

1.e4 c5 2.Nf3 Nc6 3.Bb5 g6 4.O-O Bg7 5.c3 Nf6 6.Re1 O-O 7.d4 d5 8.e5 Ne4
9.Nbd2 Nxd2 10.Bxd2 cxd4 11.Bxc6 dxc3 12.Bxc3 bxc6 13.Nd4 Qb6 14.b4 Ba6 15.Qd2 Bc4
16.f4 e6 17.Kh1 Rfc8 18.g4 Qc7 19.Qf2 a5 20.a3 axb4 21.axb4 c5 22.bxc5 Qxc5
23.Qe3 Rxa1 24.Bxa1 Re8 25.Bc3 Qb6 26.Ra1 Ba2 27.Qe1 Bc4 28.Qd2 Rc8 29.Kg2 Qc7
30.Ba5 Qb7 31.Bb4 Bd3 32.Bd6 Be4+ 33.Kg3 Ra8 34.Qb4 Qc8 35.Qc5 Bf8 36.Nc6 h6
37.Ra7 d4 38.Rc7 Qa6 39.Nxd4 Qd3+ 40.Kh4 Ra2 41.Nc2 Bg2 42.Qe3 Qa6 43.Ba3  1-0

[Event "48th Capablanca Open I 2013"]
[Site "Havana CUB"]
[Date "2013.05.01"]
[Round "10.31"]
[White "Llaudy Pupo,L"]
[Black "Hernandez Gonzalez,W"]
[Result "0-1"]
[WhiteElo "2270"]
[BlackElo "2327"]

1.e4 c5 2.Nf3 Nc6 3.Bb5 g6 4.O-O Bg7 5.Re1 e5 6.a3 Nge7 7.b4 d6 8.d3 O-O
9.c3 a6 10.Ba4 b5 11.Bb3 a5 12.bxc5 dxc5 13.a4 b4 14.Be3 Qd6 15.Nbd2 Ba6
16.Nc4 Bxc4 17.Bxc4 h6 18.Rc1 Kh7 19.Nd2 bxc3 20.Nb3 Nd4 21.Rxc3 f5 22.f3 Rfc8
23.Qd2 Bf6 24.Rcc1 Qd8 25.Rb1 Ra7 26.f4 Qc7 27.Kh1 h5 28.Rf1 Rd8 29.Rbc1 exf4
30.Bxf4 Be5 31.Bxe5 Qxe5 32.exf5 Nexf5 33.Nxc5 Ne2 34.Rce1 Neg3+ 35.hxg3 Nxg3+
36.Kg1 Qxc5+ 37.Qf2 Qc7 38.Qf6 Nxf1 39.Rxf1 Qe7 40.Qb6 Rb7 41.Qf2 Qg7 42.Bb5 Rc7
43.Kh1 Rd4 44.Qg3 Rg4 45.Qd6 Rc2 46.Bc4 Rh4+ 47.Kg1 Qa7+  0-1

[Event "Zonal 2.4 Absoluto 2013"]
[Site "Manaus BRA"]
[Date "2013.05.01"]
[Round "7.14"]
[White "Lima,Endson Dos Santos"]
[Black "Miranda,Rob"]
[Result "1/2-1/2"]
[WhiteElo "2076"]
[BlackElo "2200"]

1.e4 c5 2.Nf3 Nc6 3.Bb5 d6 4.O-O Bd7 5.Re1 a6 6.Bf1 Bg4 7.c3 Nf6 8.h3 Bxf3
9.Qxf3 e5 10.Na3 Be7 11.Nc2 O-O 12.Ne3 Re8 13.Nf5 Bf8 14.d3 Re6 15.Bg5 h6
16.Bd2 Kh7 17.Rad1 g6 18.Ne3 Bg7 19.Bc1 b5 20.g4 Qc7 21.Bg2 Ree8 22.Qg3 Rh8
23.Nd5 Nxd5 24.exd5 Ne7 25.f4 f6 26.Be3 Qa5 27.fxe5 fxe5 28.Qh4 Rae8 29.Bg5 Qc7
30.Be4 Kg8 31.Bxe7 Qxe7 32.Qxe7 Rxe7 33.Bxg6 Bf6 34.Rf1 Kg7 35.Bh5 Rf8 36.Rde1 Bg5
37.Rxf8 Kxf8 38.Kg2 Rb7 39.Kf3 b4 40.c4 a5 41.Ke4 a4 42.b3 axb3 43.axb3 Ra7
44.Kf5 Ke7 45.Kg6 Ra3 46.Rb1 Ra2 47.h4 Bf4 48.Kf5 Ra8 49.g5 hxg5 50.hxg5 Rf8+
51.Kg4 Ra8 52.Rg1 Kf8 53.Kf5 Kg7 54.Ke6 Ra3 55.Kxd6 Rxb3 56.Rd1 e4+ 57.Kxc5 exd3
58.d6 d2 59.Be2 Rg3 60.d7 Bxg5 61.Rxd2 Be7+ 62.Kb5 Rg2 63.c5 Rg5 64.d8=Q Rxc5+
65.Kxb4 Re5+  1/2-1/2

[Event "Nakhchivan Open A 2013"]
[Site "Nakhchivan AZE"]
[Date "2013.05.01"]
[Round "9.20"]
[White "Guliev,L"]
[Black "Agaragimov,D"]
[Result "0-1"]
[WhiteElo "2401"]
[BlackElo "2348"]

1.e4 c5 2.Nf3 Nc6 3.Bb5 g6 4.O-O Bg7 5.Re1 Nf6 6.e5 Nd5 7.Nc3 Nc7 8.Bxc6 dxc6
9.d3 O-O 10.Ne4 b6 11.h3 Ne6 12.Be3 Nd4 13.Nxd4 cxd4 14.Bf4 c5 15.Qd2 Qd5
16.Bh6 Qxe5 17.b4 Bxh6 18.Qxh6 cxb4 19.Qh4 f6 20.Nd2 Qd6 21.Qe4 Bf5 22.Qxe7 Qxe7
23.Rxe7 Rf7 24.Rae1 Kf8 25.R7e2 Rd8 26.Nc4 Rc7 27.Rb1 b5 28.Na5 Rdc8 29.g4 Bd7
30.Rb2 h5 31.f3 hxg4 32.hxg4 Bc6 33.Kf2 Bd5 34.Kg3 a6 35.Rh2 Kg7 36.Re2 Kf7
37.Rh2 Ke6 38.Re2+ Kd6 39.Rh2 Re8 40.Rxb4 Re3 41.Rf2 Kc5 42.a3 Re1 43.Kf4 Rce7
44.Rb2 Rg1 45.Nb3+ Kd6 46.Nxd4 Re5 47.Nf5+ gxf5 48.c4 bxc4 49.dxc4 Bc6 50.Rbd2+ Kc5
51.Rd8 fxg4 52.fxg4 Re4+ 53.Kf5 Rgxg4 54.Kxf6 Rgf4+ 55.Rxf4 Rxf4+  0-1

[Event "Nakhchivan Open A 2013"]
[Site "Nakhchivan AZE"]
[Date "2013.05.01"]
[Round "9.2"]
[White "Kurnosov,I"]
[Black "Macieja,B"]
[Result "1-0"]
[WhiteElo "2649"]
[BlackElo "2608"]

1.e4 c5 2.Nf3 Nc6 3.Bb5 d6 4.O-O Bd7 5.Re1 Nf6 6.c3 a6 7.Bf1 Bg4 8.h3 Bh5
9.g4 Bg6 10.d4 Bxe4 11.Rxe4 Nxe4 12.d5 Nxf2 13.Kxf2 Nb8 14.Bg5 h6 15.Bh4 Nd7
16.Nbd2 g5 17.Bg3 Nf6 18.Qb3 b5 19.c4 b4 20.Bd3 a5 21.Bf5 a4 22.Qe3 a3 23.b3 Rg8
24.Kg2 Qb6 25.Rf1 Kd8 26.Ne1 Kc7 27.Nd3 Ra5 28.Ne4 Nxe4 29.Qxe4 Kb7 30.Be6 fxe6
31.Qxe6 Rh8 32.Rxf8 Rxf8 33.Qxe7+ Qc7 34.Qxf8 Qh7 35.Qxd6 Qe4+ 36.Kh2 Qxd3
37.Qc7+ Ka6 38.Qc8+  1-0

[Event "25th ch-ALG 2013"]
[Site "Algiers ALG"]
[Date "2013.05.02"]
[Round "7.1"]
[White "Bengherabi,K"]
[Black "Arab,A"]
[Result "0-1"]
[WhiteElo "2106"]
[BlackElo "2445"]

1.e4 c5 2.Nf3 Nc6 3.Bb5 d6 4.d4 cxd4 5.Qxd4 Bd7 6.Bxc6 Bxc6 7.Nc3 Nf6 8.Bg5 e6
9.Qd3 Be7 10.Nd4 O-O 11.O-O-O Qa5 12.Bd2 Qc7 13.f4 Rfd8 14.g4 d5 15.Nxc6 Qxc6
16.exd5 Nxd5 17.f5 Rac8 18.fxe6 fxe6 19.Qe2 Bf6 20.Rhe1 Re8 21.Qe4 Bxc3 22.Bxc3 Nxc3
23.Qxc6 Nxa2+ 24.Kb1 Rxc6 25.Kxa2 Rxc2 26.Rd7 Rxh2 27.Rxb7 e5 28.Re4 Rf2
29.Rxa7 Rb8 30.Rxe5 Rfxb2+ 31.Ka1 R2b4 32.Rg5 R8b7 33.Raa5 h6 34.Rgf5 Rxg4
35.Rfd5 Rf7 36.Kb2 Rf2+ 37.Kc3 Rf3+ 38.Rd3 Rxd3+ 39.Kxd3 Rf4 40.Ke3 Rf6 41.Ra7 Kh7
42.Ra8 h5 43.Ra4 g5 44.Ra5 Kg6 45.Ra8 h4 46.Rh8 Rf4 47.Ra8 Kh5 48.Ra1 h3
49.Rb1 Rf8 50.Ra1 g4 51.Ra7 Kh4 52.Ra1 h2 53.Ra7 Kg3 54.Rh7 Rf1  0-1

[Event "25th ch-ALG 2013"]
[Site "Algiers ALG"]
[Date "2013.05.02"]
[Round "7.3"]
[White "Haddouche,M"]
[Black "Nassr,A"]
[Result "1-0"]
[WhiteElo "2464"]
[BlackElo "2050"]

1.e4 c5 2.Nf3 Nc6 3.Bb5 e5 4.O-O d6 5.c3 Nf6 6.d4 Bd7 7.dxe5 dxe5 8.Qe2 Qc7
9.Bg5 Be7 10.Na3 O-O 11.Nc4 Rfe8 12.Bxf6 Bxf6 13.Ne3 Ne7 14.Bxd7 Qxd7 15.Rfd1 Qc6
16.Qd3 Qb6 17.a4 Rad8 18.Qb5 Qc7 19.Nd5 Nxd5 20.Rxd5 b6 21.Rad1 Rf8 22.g3 Rxd5
23.Rxd5 Rd8 24.Nd2 g6 25.Nc4 Kg7 26.a5 bxa5 27.Qxc5 Qxc5 28.Rxc5 a4 29.Ra5 Rd1+
30.Kg2  1-0

[Event "Llucmajor Open 2013"]
[Site "Llucmajor ESP"]
[Date "2013.05.02"]
[Round "6.4"]
[White "Kasparov,S"]
[Black "Almagro Llamas,P"]
[Result "1/2-1/2"]
[WhiteElo "2478"]
[BlackElo "2442"]

1.e4 c5 2.Nf3 Nc6 3.Bb5 e6 4.Bxc6 bxc6 5.b3 Ne7 6.O-O Ng6 7.Re1 Be7 8.Bb2 O-O
9.d3 f6 10.Nc3 e5 11.Ne2 d6 12.Ng3 f5 13.Nxf5 Bxf5 14.exf5 Rxf5 15.c3 d5
16.c4 Bd6 17.Rc1 Qf6 18.Rc2 Rf8 19.Bc1 Rh5 20.h3 Rf5 21.Qe2 Qe6 22.Ng5 Qf6
23.Nf3 Qe7 24.Nh2 Nh4 25.Nf1 e4 26.dxe4 dxe4 27.Rd1 Re5 28.Be3 Nf3+ 29.gxf3 exf3
30.Qd3 Qe6 31.Ng3 Rh5 32.Kf1 Bxg3 33.fxg3 Qxh3+ 34.Ke1 Re5 35.Kd2 Qg2+ 36.Kc3 f2
37.Bxf2 Rxf2 38.Qd8+ Kf7 39.Rd7+ Kg6 40.Rd6+ Kf7 41.Rd7+ Kg6 42.Rd6+ Kf7
43.Rd7+ Kg6  1/2-1/2

[Event "Old Capital Open 2013"]
[Site "Veliko Tarnovo BUL"]
[Date "2013.05.02"]
[Round "3.9"]
[White "Nevednichy,B"]
[Black "Dimitrov,De"]
[Result "1/2-1/2"]
[WhiteElo "2213"]
[BlackElo "1986"]

1.e4 c5 2.Nf3 Nc6 3.Bb5 d6 4.O-O Bd7 5.Re1 a6 6.Bxc6 Bxc6 7.c3 d5 8.Ne5 Rc8
9.Nxc6 Rxc6 10.exd5 Qxd5 11.d4 Rg6 12.g3 cxd4 13.cxd4 Nf6 14.Nc3 Qd7 15.Qf3 e6
16.d5 Bc5 17.dxe6 fxe6 18.Qf5 Be7 19.Qxe6 Qxe6 20.Rxe6 Kd7 21.Re2 Bb4 22.Bf4 Bxc3
23.Rd1+ Kc8 24.bxc3 Rd8 25.Rxd8+ Kxd8 26.Re6 Nd7 27.Rxg6 hxg6 28.Kf1 Ke7
29.Ke2 Ke6 30.h4 Kd5 31.Be3 Nf8 32.Kd3 b5 33.g4 Ne6 34.f4 a5 35.a3 Nc7 36.h5 gxh5
37.gxh5 Ke6 38.Ke4 Ne8 39.f5+ Kf7 40.h6 gxh6 41.Bxh6 Nd6+ 42.Kd5 Nxf5 43.Bf4 b4
44.cxb4 axb4 45.axb4 Ke7 46.b5 Kd7 47.Kc5 Kc8 48.Kb6 Nd4 49.Ka6  1/2-1/2

[Event "8th Angers Open"]
[Site "Angers FRA"]
[Date "2013.05.03"]
[Round "2.13"]
[White "Fermen,G"]
[Black "Daviet,B"]
[Result "0-1"]
[WhiteElo "1510"]
[BlackElo "1741"]

1.e4 c5 2.Nf3 Nc6 3.Bb5 Qc7 4.O-O d6 5.Re1 Bd7 6.c3 Nf6 7.d4 cxd4 8.cxd4 e5
9.d5 Nb8 10.Bxd7+ Nbxd7 11.Nc3 a6 12.h3 Be7 13.Be3 O-O 14.Rc1 Qb8 15.a4 b5
16.axb5 axb5 17.b4 Rc8 18.Qb3 Qb7 19.Ra1 Ne8 20.Ne2 Nb6 21.Ng3 Nc4 22.Nf5 Nf6
23.Nxe7+ Qxe7 24.Rxa8 Rxa8 25.Bc1 Qa7 26.Nd2 Qd4 27.Nf3 Qa7 28.Nd2 Nxd2 29.Bxd2 Nd7
30.Be3 Qb7 31.Rc1 Rc8 32.Qd3 Rxc1+ 33.Bxc1 Qa6 34.Qc3 Kf8 35.Qc6 Qxc6 36.dxc6 Nb6
37.Be3 Nc8 38.f4 f6 39.f5 Ke8 40.g4 Ne7 41.c7 Kd7 42.Bb6 d5 43.exd5 Nxd5
44.Bc5 Kxc7 45.Bf8 g6 46.Kg2 gxf5 47.gxf5 Kd7 48.Kf3 Ne7 49.Ke4 Ke8 50.Bxe7 Kxe7
51.Kd5 Kd7 52.Kc5 Kc7 53.Kxb5 Kb7 54.Kc5 Kc7 55.b5 Kb8 56.Kd5 Kb7 57.Kc5 Kc7
58.Kd5 Kb6 59.Kc4 h6 60.Kb4 Kb7 61.Kc4 Kc8 62.b6 Kd7 63.Kd5 Kc8 64.Kc6 e4
65.Kd5 e3 66.Ke6 e2 67.Kxf6 e1=Q 68.Kg6 Qg3+ 69.Kxh6 Qxh3+ 70.Kg6 Qg4+ 71.Kf6 Qd4+
72.Ke7 Qe5+  0-1

[Event "Zonal 2.4 Absoluto 2013"]
[Site "Manaus BRA"]
[Date "2013.05.03"]
[Round "9.16"]
[White "De Oliveira,Victor Gabriel C."]
[Black "Borges,W"]
[Result "1-0"]
[WhiteElo "2027"]
[BlackElo "2178"]

1.e4 c5 2.Nf3 Nc6 3.Bb5 Qc7 4.O-O e6 5.d3 a6 6.Bxc6 Qxc6 7.Ne5 Qc7 8.f4 d6
9.Nf3 g6 10.Nbd2 Bg7 11.e5 d5 12.c4 Ne7 13.Qe2 O-O 14.b3 Bd7 15.Bb2 Bc6 16.d4 b6
17.Rac1 Rfc8 18.Qf2 Qb7 19.dxc5 bxc5 20.Ba3 Bf8 21.Bxc5 dxc4 22.Nxc4 Rd8
23.Na5  1-0

[Event "31st Liechtenstein Open 2013"]
[Site "Triesen LIE"]
[Date "2013.05.03"]
[Round "1.11"]
[White "Rooze,J"]
[Black "Buchaeckert,J"]
[Result "1-0"]
[WhiteElo "2372"]
[BlackElo "1960"]

1.e4 c5 2.Nf3 Nc6 3.Bb5 Nf6 4.Bxc6 dxc6 5.d3 Bg4 6.h3 Bh5 7.Nbd2 Nd7 8.g4 Bg6
9.Nf1 c4 10.Ng3 cxd3 11.cxd3 f6 12.O-O e5 13.d4 Qc7 14.Be3 Be7 15.Qb3 Bf7
16.Qc2 g6 17.Rfd1 O-O 18.d5 Rfc8 19.d6 Bxd6 20.Qd2 Bc5 21.Qxd7 Bxe3 22.Qxc7 Bxf2+
23.Kxf2 Rxc7 24.Rd6 Kg7 25.h4  1-0

[Event "25th ch-ALG 2013"]
[Site "Algiers ALG"]
[Date "2013.05.04"]
[Round "9.2"]
[White "Haddouche,M"]
[Black "Bengherabi,K"]
[Result "1-0"]
[WhiteElo "2464"]
[BlackElo "2106"]

1.e4 c5 2.Nf3 Nc6 3.Bb5 g6 4.O-O Bg7 5.Re1 Nf6 6.e5 Nd5 7.Nc3 Nc7 8.Bxc6 dxc6
9.Ne4 Ne6 10.d3 O-O 11.Be3 b6 12.Qd2 Bb7 13.Bh6 Qd7 14.Bxg7 Kxg7 15.Ng3 f5
16.exf6+ exf6 17.a4 a5 18.Re4 Rae8 19.Rae1 Nd4 20.Nxd4 cxd4 21.b4 c5 22.Rxe8 Rxe8
23.bxa5 Qxa4 24.axb6 Qc6 25.f3 Rxe1+ 26.Qxe1 Qxb6 27.Qe7+ Kg8 28.h4 h5 29.Qe8+ Kg7
30.Qd7+ Kg8 31.Kh2 c4 32.dxc4 Ba6 33.Ne4 Qb8+ 34.g3 Qe5 35.Qc6 f5 36.Qxg6+ Kf8
37.Qd6+ Qe7 38.Qxa6 fxe4 39.Qh6+ Kg8 40.Qg6+ Kf8 41.Qxe4 Qa7 42.Qf5+ Kg7
43.Qxh5 d3 44.Qe5+ Kg8 45.Qd5+ Kg7 46.cxd3 Qf2+ 47.Kh3 Qf1+ 48.Kg4  1-0

[Event "8th Angers Open"]
[Site "Angers FRA"]
[Date "2013.05.05"]
[Round "6.15"]
[White "Ismailov,Makhad"]
[Black "Maruejols,P"]
[Result "1-0"]
[WhiteElo "1625"]
[BlackElo "1477"]

1.e4 c5 2.Nf3 Nc6 3.Bb5 a6 4.Bxc6 bxc6 5.e5 e6 6.O-O Qc7 7.d3 d6 8.exd6 Bxd6
9.Nc3 Nf6 10.Re1 O-O 11.Bg5 Ng4 12.h3 f6 13.Bd2 Ne5 14.Ne4 Be7 15.Nxe5 fxe5
16.Bc3 a5 17.Nd2 Bd6 18.Nc4 Bb7 19.Nxd6 Qxd6 20.Bxe5 Qd5 21.Bc3 c4 22.Qg4 Rf7
23.dxc4 Qd7 24.Rad1 Qe7 25.Rxe6 Qf8 26.Qg3 c5 27.Red6 Be4 28.Rd7 Bg6 29.Rxf7 Qxf7
30.Qd6 Rf8 31.Qd5 Bxc2 32.Qxf7+ Kxf7 33.Rd7+  1-0

[Event "Oceania Open zt 2013"]
[Site "Nadi FIJ"]
[Date "2013.05.05"]
[Round "2.4"]
[White "Tan,Ju2"]
[Black "Lekkas,Frank"]
[Result "1-0"]
[WhiteElo "2249"]
[BlackElo "2045"]

1.e4 c5 2.Nf3 Nc6 3.Bb5 g6 4.Bxc6 dxc6 5.d3 Bg7 6.h3 Nf6 7.Nc3 Nd7 8.Be3 e5
9.Qd2 Qe7 10.O-O Nf8 11.a3 Ne6 12.b4 Nd4 13.Nh2 Be6 14.Na4 c4 15.Kh1 Rd8
16.Nc5 Bc8 17.Qc3 b6 18.Na4 Ne2 19.Qe1 Nd4 20.Bxd4 exd4 21.dxc4 Be6 22.c5 d3
23.cxd3 b5 24.Nc3 Rxd3 25.e5 Bc4 26.f4 O-O 27.Ne4 h5 28.Nf3 Bd5 29.Qe2 Rb3
30.Nd4 Bc4 31.Qc2 Re3 32.Rfe1 Rd3 33.Red1 Re3 34.Nxc6 Qb7 35.Rd6 Rc8 36.Rd8+ Rxd8
37.Nxd8 Qd5 38.Rd1 Rd3 39.Nf2 Rd4 40.Rxd4 Qxd4 41.Nc6 Qxf4 42.Qb2 f6 43.Qd4 Qc1+
44.Qd1 Qf4 45.Qf3 Qc1+ 46.Kh2 fxe5 47.Nxa7 Bh6 48.Qe4 Bf7 49.Nd3 Qd2 50.c6 Qc2
51.Qxe5 Qc4 52.c7 Be6 53.Qxe6+  1-0

[Event "Oceania Open zt 2013"]
[Site "Nadi FIJ"]
[Date "2013.05.05"]
[Round "2.6"]
[White "Smith,Ro"]
[Black "Muller,J"]
[Result "1/2-1/2"]
[WhiteElo "2227"]
[BlackElo "2039"]

1.e4 c5 2.Nf3 Nc6 3.Bb5 Nf6 4.e5 Nd5 5.O-O Nc7 6.Bxc6 dxc6 7.d3 g6 8.h3 Bg7
9.Nc3 Ne6 10.Re1 O-O 11.Ne4 h6 12.Be3 b6 13.Qd2 Kh7 14.a4 a5 15.Nh2 f5 16.exf6 exf6
17.f4 f5 18.Nc3 Ra7 19.Nf3 Re7 20.Bf2 Qd6 21.Re2 Nd4 22.Nxd4 cxd4 23.Rxe7 Qxe7
24.Ne2 c5 25.Kf1 Bb7 26.Ng1 Bc6 27.b3 Qb7 28.Bh4 Re8 29.Re1 Rxe1+ 30.Bxe1 Bf6
31.Qe2 Kg7 32.Qf2 Bd5 33.Qe2 Bc6 34.Qf2 Bd5 35.Qe2 Bc6  1/2-1/2

[Event "Catalan Championship 2013"]
[Site "Barcelona ESP"]
[Date "2013.05.07"]
[Round "2.2"]
[White "Lorenzo de la Riva,L"]
[Black "Alsina Leal,D"]
[Result "1-0"]
[WhiteElo "2423"]
[BlackElo "2540"]

1.e4 c5 2.Nf3 Nc6 3.Bb5 Nf6 4.Bxc6 dxc6 5.d3 Bg4 6.h3 Bh5 7.Nc3 Nd7 8.g4 Bg6
9.Bf4 h5 10.Nh4 Bh7 11.g5 e5 12.Be3 Bg8 13.Qd2 Qa5 14.a3 g6 15.O-O Bh7 16.f4 exf4
17.Bxf4 c4 18.d4 O-O-O 19.Nf3 Bg7 20.Nd5 b6 21.Qxa5 bxa5 22.Ne3 Nb6 23.c3 f6
24.gxf6 Bxf6 25.Bg5 Bg7 26.Bxd8 Rxd8 27.Ng5 Bg8 28.Ng2 Re8 29.Rae1 c5 30.d5 Nd7
31.Nf7 Kc7 32.h4 Bf6 33.Nh6 Be5 34.Nxg8 Rxg8 35.Ne3 Bg3 36.Nxc4 Bxe1 37.Rxe1 g5
38.e5 gxh4+ 39.Kh2 Nb6 40.d6+ Kc6 41.Nxa5+ Kd5 42.c4+ Ke6 43.b4 Nd7 44.Nc6 a6
45.b5 axb5 46.cxb5 Ra8 47.a4 Rxa4 48.Nd8+ Kd5 49.e6 Ra2+ 50.Kh3 Nf6 51.Nf7 Ng4
52.Kxh4 Ra4 53.Kxh5 Nf6+ 54.Kg6 Ng8 55.e7 Rg4+ 56.Kf5  1-0

[Event "26th Metropolitan GM"]
[Site "Los Angeles USA"]
[Date "2013.05.08"]
[Round "1"]
[White "Kretchetov,A"]
[Black "Georgiev,Vl"]
[Result "1-0"]
[WhiteElo "2271"]
[BlackElo "2559"]

1.e4 c5 2.Nf3 Nc6 3.Bb5 e5 4.O-O Bd6 5.c3 Nge7 6.d4 cxd4 7.cxd4 exd4 8.Nxd4 O-O
9.Nc3 Qc7 10.Nf3 a6 11.Ba4 Ne5 12.h3 b5 13.Bb3 Bb7 14.Bg5 Nxf3+ 15.Qxf3 b4
16.Bxe7 Bxe7 17.Nd5 Bxd5 18.Bxd5 Rac8 19.Rad1 a5 20.Qe2 Bg5 21.Qb5 Bf6 22.b3 Rb8
23.Qe2 Rfe8 24.Rd3 Re7 25.Rfd1 Rbe8 26.Rf3 Qe5 27.Qd3 Rc8 28.Qa6 Qc7 29.Rfd3 Rb8
30.g3 h5 31.Qc4 Qd8 32.Bc6 Rc8 33.Qb5 Qc7 34.Bxd7 Re5 35.Qa6 Rf8 36.Qc6 Rc8
37.Qa6 Rf8 38.Bf5 h4 39.Rd7 Qc5 40.g4 Bg5 41.R7d5 Qc3 42.Rxe5 Qxe5 43.Qd6 Qc3
44.Bh7+ Kxh7 45.Qxf8 Qxh3 46.Qc8 g6 47.Qd7 Qf3 48.Rd3 Qf4 49.e5 Kh6 50.Re3 Kg7
51.Kg2 Kh6 52.Rf3 Qe4 53.Qxf7 Qxg4+ 54.Kh2 Qe4 55.Kh3 Qxe5 56.Qc4 Qe1 57.Kg2 Kh5
58.Qd5 Qe2 59.Qd3 Qe7 60.Rh3 Kh6 61.Qf3 Bd2 62.Rh1 Qg5+ 63.Kh3 Bf4 64.Qg4 Qe5
65.Qxh4+ Kg7 66.Rd1 Qc3+ 67.Kg2 Qc6+ 68.Kg1 g5 69.Qg4 Kf6 70.Re1 Qd6 71.Qc8 Bh2+
72.Kg2 Be5 73.Qh8+ Kf5 74.Qh7+ Kf6 75.Qh6+ Kf5 76.Qxd6 Bxd6 77.Rd1 Ke6 78.Kf3 Bc5
79.Rd2 Ke5 80.Kg4 Ke4 81.Kxg5 Kf3 82.Kf5 Bxf2 83.Rxf2+ Kxf2 84.Ke4 Ke2 85.Kd4  1-0

[Event "Asian Zonal 3.1 w 2013"]
[Site "Doha QAT"]
[Date "2013.05.09"]
[Round "6.2"]
[White "Ghader Pour,S"]
[Black "Dahdal,Lougain"]
[Result "1-0"]
[WhiteElo "2242"]
[BlackElo "1972"]

1.e4 c5 2.Nf3 Nc6 3.Bb5 d6 4.O-O Bd7 5.Re1 Nf6 6.Nc3 a6 7.Bxc6 Bxc6 8.d4 cxd4
9.Nxd4 e5 10.Nxc6 bxc6 11.Bg5 Be7 12.Qd3 O-O 13.Bxf6 Bxf6 14.Red1 Be7 15.Na4 g6
16.b3 Kg7 17.c4 f5 18.Rac1 fxe4 19.Qxe4 Qc7 20.Rc2 Rf4 21.Qe1 Raf8 22.Nc3 R8f7
23.Ne4 Qb8 24.Rcd2 Qb4 25.Re2 Qb8 26.Qc3 Qf8 27.Qe3 Rg4 28.Red2 Rf5 29.h3 Rh4
30.Nxd6 Rfh5 31.Ne4 g5 32.Ng3 Rh6 33.Qxe5+ Kg8 34.Nf5 Bf6 35.Qe6+ Kh8 36.Nxh6 Rxh6
37.Rd7 Bd4 38.Qf7 Qxf7 39.Rxf7 c5 40.Re1 Kg8 41.Ra7 Kf8 42.Ree7 Rf6 43.Reb7 Bxf2+
44.Kh1 Re6 45.Rf7+  1-0

[Event "Deltalift Open 2013"]
[Site "Halmstad SWE"]
[Date "2013.05.09"]
[Round "1"]
[White "Hillarp Persson,T"]
[Black "Bengtsson,Je"]
[Result "1-0"]
[WhiteElo "2522"]
[BlackElo "1887"]

1.e4 c5 2.Nf3 Nc6 3.Bb5 g6 4.Bxc6 dxc6 5.d3 Bg7 6.Nc3 Nf6 7.Be3 Nd7 8.Qd2 e5
9.Bh6 Qf6 10.h4 Nf8 11.Qg5 Qxg5 12.hxg5 Bxh6 13.Rxh6 Nd7 14.Kd2 Kf8 15.Rah1 Kg7
16.R6h4 b6 17.Nd1 Ba6 18.Ne3 Rae8 19.b3 b5 20.Ng4 c4 21.dxc4 bxc4 22.Ke3 cxb3
23.axb3 Bb7 24.Rd1 Re7 25.Rd6 Kf8 26.Nf6 Nxf6 27.gxf6 Re8 28.Ng5 Bc8 29.Rxh7 Rxh7
30.Nxh7+ Kg8 31.Ng5 Be6 32.Rxc6 Rc8 33.Rxc8+ Bxc8 34.b4 Kf8 35.f4  1-0

[Event "Tschaturanga Open 2013"]
[Site "Vienna AUT"]
[Date "2013.05.09"]
[Round "4.1"]
[White "Schwabeneder,Florian"]
[Black "Baumegger,S"]
[Result "0-1"]
[WhiteElo "2354"]
[BlackElo "2473"]

1.e4 c5 2.Nf3 Nc6 3.Bb5 d6 4.O-O Bd7 5.Re1 Nf6 6.c3 a6 7.Bf1 Bg4 8.h3 Bxf3
9.Qxf3 g6 10.d3 Bg7 11.Nd2 O-O 12.Qd1 b5 13.Nf3 e5 14.Be3 Nd7 15.d4 exd4
16.cxd4 Re8 17.d5 Nce5 18.Nd2 c4 19.Qc2 Rc8 20.f4 Nd3 21.Bxd3 cxd3 22.Qxd3 Bxb2
23.Rab1 Bg7 24.Rbc1 Qa5 25.Rc6 Nc5 26.Rxc8 Rxc8 27.Bxc5 Rxc5 28.e5 dxe5 29.d6 Qd8
30.Ne4 Rc4 31.fxe5 Bxe5 32.Qd5 Qb6+ 33.Kh1 Qe3 34.Rf1 Qf4 35.Ng3 Rc1 36.Rxc1 Qxc1+
37.Kh2 Qf4 38.d7 Qxg3+ 39.Kg1 Qe1+  0-1

[Event "31st Liechtenstein Open 2013"]
[Site "Triesen LIE"]
[Date "2013.05.10"]
[Round "8.18"]
[White "Mueller,Marku1"]
[Black "Meduna,E2"]
[Result "1/2-1/2"]
[WhiteElo "2167"]
[BlackElo "2057"]

1.e4 c5 2.Nf3 Nc6 3.Bb5 Qb6 4.Nc3 e6 5.Bxc6 Qxc6 6.d4 cxd4 7.Nxd4 Qc7 8.O-O a6
9.Re1 d6 10.Bf4 e5 11.Nd5 Qd8 12.Be3 Nf6 13.Nxf6+ Qxf6 14.Ne2 Qd8 15.Nc3 Be6
16.Nd5 Rc8 17.Qd3 Be7 18.c4 O-O 19.b3 Bg5 20.Rad1 Bxd5 21.Qxd5 Bxe3 22.Rxe3 Qb6
23.Rg3 Rfe8 24.Qd2 Re6 25.Rd3 Rc6 26.Rd5 h6 27.Rd3 Rf6 28.Qe2 Qa5 29.Rd5  1/2-1/2